Представление документа в формате RUSMARC

ПолеНазваниеЗначение
  Тип записи c
  Библиографический уровень m
001 Контрольный номер RU/УОНБ/EK_N/698600159
005 Дата корректировки 20240130235110.7
013 Номер (ISMN) __
d Цена 254 р. 96 к.
100 Данные общей обработки __
a Данные общей обработки 20220219d2009 u y0rusy0189||||ca
101 Язык документа 0_
a Язык текста rus
f Язык титульного листа rus
102 Страна публикации __
a Страна публикации RU
105 Кодированные данные (монография) __
a Кодированные данные (монография) y###||||000|y
125 Кодированные данные звукозаписи и нотных изданий __
a Форма изложения нотного текста с|
128 Кодированные данные (звукозаписи-физические характеристики) __
a Кодированные данные: Музыкальная форма и тональность или лад zz
b Инструменты или голоса, необходимые для ансамблей (устаревшее) sa||
b Инструменты или голоса, необходимые для ансамблей (устаревшее) sc||
b Инструменты или голоса, необходимые для ансамблей (устаревшее) ka||
200 Заглавие и сведения об ответственности 1_
a Заглавие № 5
b Общее обозначение материала Ноты
e Сведения, относящиеся к заглавию трио для скрипки, в-чели и фп. в перелож. Юрия Лившица
210 Выходные данные 1_
d Дата издания 2009
215 Физическое описание __
a Объем 68 с., 2 парт. (16 с., 16 с.)
c Иллюстрации/тип воспроизводства портр.
327 Примечание о содержании 11
a Примечание о содержании Содерж. : Трио для скрипки, виолончели и фортепиано : Алябьев А. Элегия. - Глинка М. Вальс. - Брамс И. Венгерский танец № 5 ; Венгерский танец № 2. - Рубинштейн А. Романс. - Лысенко Н. Элегия. - Чайковский П. Вальс. - Дунаевский И. Лунный вальс. - Оранский В. Фонтану Бахчисарайского дворца ; Вальс.
461 Уровень набора _0
1 001RU/УОНБ/EK_N/698516877
1 200
a Нотный альбом
b Ноты
v № 5
1 210
a М.
c Научтехлитиздат
d 2009 -
464 Аналитический уровень _0
1 2001
a Элегия
e для скрипки, в-чели и фп.
1 700 1
a Алябьев
b А.
1 702 1
a Лившиц
b Ю.
4 030
464 Аналитический уровень _0
1 2001
a Вальс
e для скрипки, в-чели и фп.
1 700 1
a Глинка
b М.
1 702 1
a Лившиц
b Ю.
4 030
464 Аналитический уровень _0
1 2001
a Венгерский танец № 5
e для скрипки, в-чели и фп.
1 700 1
a Брамс
b И.
1 702 1
a Лившиц
b Ю.
4 030
464 Аналитический уровень _0
1 2001
a Романс
e для скрипки, в-чели и фп.
1 700 1
a Рубинштейн
b А.
1 702 1
a Лившиц
b Ю.
4 030
464 Аналитический уровень _0
1 2001
a Элегия
e для скрипки, в-чели и фп.
1 700 1
a Лысенко
b Н.
1 702 1
a Лившиц
b Ю.
4 030
464 Аналитический уровень _0
1 2001
a Вальс
e из балета "Лебединое озеро"
e для скрипки, в-чели и фп.
1 700 1
a Чайковский
b П.
1 702 1
a Лившиц
b Ю.
4 030
1 50010
a Лебединое озеро
464 Аналитический уровень _0
1 2001
a Лунный вальс
e для скрипки, в-чели и фп.
1 700 1
a Дунаевский
b И.
1 702 1
a Лившиц
b Ю.
4 030
464 Аналитический уровень _0
1 2001
a Фонтану Бахчисарайского дворца
e Фонтан любви, фонтан живой принес я в дар...
e для скрипки, в-чели и фп.
1 700 1
a Оранский
b В.
1 702 1
a Пушкин
b А. С.
4 520
1 702 1
a Лившиц
b Ю.
4 030
464 Аналитический уровень _0
1 2001
a Венгерский танец № 2
e для скрипки, в-чели и фп.
1 700 1
a Брамс
b И.
1 702 1
a Лившиц
b Ю.
4 030
464 Аналитический уровень _0
1 2001
a Вальс
e для скрипки, в-чели и фп.
1 700 1
a Оранский
b В.
1 702 1
a Лившиц
b Ю.
4 030
512 Заглавие обложки 1_
a Заглавие обложки Нотный альбом
606 Тематические рубрики 0_
a Основная рубрика Ансамбли смешанные
x Основная подрубрика Произведения
610 Ключевые слова 0_
a Ключевые слова смешанные ансамбли
610 Ключевые слова 0_
a Ключевые слова произведения
610 Ключевые слова 0_
a Ключевые слова трио инструментальные
686 Индексы других классификаций __
a Классификационный индекс 85.9я43
a Классификационный индекс 85.952.1я43
2 Код системы rubbk
702 Вторичная интеллектуальная ответственность _1
a Фамилия Лившиц
b Имя (инициалы) Ю. В.
4 Код отношения 030
801 Источник записи _0
a Страна RU
b Организация Ульяновская ОНБ
c Дата составления 20220219
g Правила каталогизации RCR
801 Источник записи _1
a Страна RU
b Организация Ульяновская ОНБ
c Дата составления 20220219
g Правила каталогизации RCR
901 Тип документа __
t Тип документа n
w Контрольный № источника RU/УОНБ/EK_N/698516877
909 Создатель записи __
a Создатель записи Грязнова И. Е.
938 Служебная информация __
a Имя БД noti
b Имя библиотеки УОНБ
c Имя АИБС МАРК-SQL
d Номер DOC_ID в БД 25493